[Event "BCC Championship"]
[Site " Kevin's Office"]
[Date "2016.06.14"]
[Round "6"]
[White "Michael Tausz"]
[Black "Kevin Perrin"]
[Result "1-0"]
[WhiteElo "1433"]
[BlackElo "1606"]

1.e4 e5 2.Nf3 Nc6 3.Bc4 Nf6 4.Ng5 d5 5.exd5 Na5 6.Bb5+ c6 7.dxc6 bxc6 8.Be2 h6
9.Nf3 Bd6 10.d3 O-O 11.O-O c5 12.Nc3 Re8 13.Re1 Bb7 14.Bd2 Rc8 15.Ne4 Nxe4
16.dxe4 Nc6 17.Bc4 Qf6 18.Re3 Rc7 19.Ne1 Nd4 20.c3 Ne6 21.Rf3 Nf4 22.Bxf4 exf4
23.Rd3 Rxe4 24.f3 Rxc4 25.Rxd6 Qe7 26.Qd3 Qe3+ 27.Kf1 Qxd3+ 28.Nxd3 Ra4 29.b3
Ra6 30.Rd8+ Kh7 31.Nxf4 g5 32.Nd5 Bxd5 33.Rxd5 Kg6 34.a4 Rb6 35.Rad1 Rxb3
36.Rd7 Rbb7 37.Rxc7 Rxc7 38.Rd6+ Kf5 39.c4 Ke5 40.Rd5+ Ke6 41.Kf2 Rc6 42.a5 f5
43.g3 a6 44.Ke3 Kf6 45.h4 Ke6 46.hxg5 hxg5 47.g4 f4+ 48.Ke4 Kf6 49.Rf5+ Kg6
50.Kd5 Rc8 51.Re5 Rd8+ 52.Kxc5 Rd3 53.Re6+ Kf7 54.Rxa6 Rxf3 55.Ra7+ Ke6 56.Ra8
Rg3 57.a6 Rxg4 58.a7 f3 59.Re8+ {#r} 1-0

[Event "BCC Championship"]
[Site "BCC"]
[Date "2016.06.09"]
[Round "10"]
[White "Ben Naughton"]
[Black "Michael Tausz"]
[Result "0-1"]
[WhiteElo "1421"]
[BlackElo "1433"]

1.e4 e5 2.Nf3 Nc6 3.Bc4 Bc5 4.Nc3 Nf6 5.d3 d6 6.h3 Be6 7.Nd5 Bxd5 8.Bxd5 Nxd5
9.exd5 Ne7 10.c4 Qd7 11.Bd2 O-O 12.O-O Ng6 13.Ng5 Qf5 14.Qf3 Qxf3 15.Nxf3 h6
16.g3 f5 17.Kg2 f4 18.b4 Bd4 19.Nxd4 exd4 20.Rfe1 f3+ 21.Kf1 Ne5 22.Re4 Nxd3
23.Rxd4 Ne5 24.Re1 Rf5 25.Bf4 Re8 26.Kg1 Kf8 27.Kh2 g5 28.Bxe5 Rfxe5 29.Rxe5
Rxe5 30.Rd2 Re2 31.Rd3 Rxf2+ 32.Kg1 Rg2+ 33.Kf1 Rxg3 34.Kf2 Rxh3 35.Rxf3+
Rxf3+ 36.Kxf3 Kf7 37.c5 Kf6 38.a4 Ke5 39.c6 b6 {#R} 0-1

[Event "BCC Championship"]
[Site "The Library"]
[Date "2016.06.22"]
[Round "5"]
[White "Patrick Cook"]
[Black "Bas van Riel "]
[Result "1/2-1/2"]
[WhiteElo "1659"]
[BlackElo "1884"]

1.d4 Nf6 2.c4 e6 3.Nc3 Bb4 4.Qc2 O-O 5.a3 Bxc3+ 6.Qxc3 Ne4 7.Qc2 f5 8.e3 b6
9.Bd3 Bb7 10.Nf3 d6 11.h4?! Nd7 12.b3 Ndf6 13.Bb2 Ng4 14.Bxe4 {Stockfish 7
regards this as a major error, preferring O-O. (RJ)} fxe4 15.Ng5 Nxf2?!
{15...Rxf2 is probably better.   (RJ), yes the engines say this gives away
Black's 2 point advantage.} 16.Nxe6 Qe7 17.Nxf8 Nxh1 18.O-O-O Qxh4 19.Ne6 Nf2
20.Rf1 Nd3+ 21.Kb1 Nxb2 22.Qxb2 Qe7 23.d5! c5 {Stockfish 7 indicates c6 is
stronger. (RJ)} 24.Qf2 {Rf4 (RJ)} Re8 25.Qf4 Bc8 26.Qxe4 {Rd1 (RJ)} Bxe6
27.Qxe6+ Qxe6 28.dxe6 Rxe6 29.Rf3 g6 {Rg6 (RJ)} 30.Kc2 Kg7 31.Kd3 Rf6 32.Ke4!
Rxf3 33.gxf3 Kf6? {33...h5 immediately is better, and probably winning!}
34.Kd5 h5? {34...Ke7} 35.Kxd6 h4 36.e4 h3 37.e5+ Kg5 38.e6 h2 39.e7 h1=Q
40.e8=Q {White offered a draw...} Qd1+ {Qxf3 (RJ)} 41.Kc7 Qxf3 42.Qe5+ Kg4
43.Qe6+ Qf5 44.Qe2+ Kg5 45.Kb7 Qd7+ {#d} 1/2-1/2

[Event "BCC Championship"]
[Site "BCC"]
[Date "2016.06.23"]
[Round "11"]
[White "Kevin Perrin"]
[Black "Patrick Cook"]
[Result "0-1"]
[WhiteElo "1607"]
[BlackElo "1659"]

1.e4 e6 2.Nf3 d5 3.exd5 exd5 4.d4 Bg4 5.Be2 Bd6 6.O-O Nf6?! {6...Ne7 is
better...(PC) Not necessarily! Nf6, while not as popular, has a higher win
percentage on Chessbase, and both my engines like Nf6.(RJ)} 7.h3 Bh5
{Chessbase gives Bxf3. (RJ)} 8.Bg5 {Chessbase here gives Nh4. (RJ)} O-O 9.Nc3
c6 10.Ne5 Bxe2 11.Nxe2!? Re8 12.f4 Be7 13.Ng3 Ne4 14.Bxe7 Qxe7 15.Nf5! Qf6
16.Qg4 Nd6 {Black offered a draw...?! (PC)} 17.Nh4 Nc4 18.Rf3 Nd2 19.Raf1!?
Nxf1 20.Kxf1 Na6 21.Rg3 Rad8 22.Nf5 g6 23.Nh6+ Kg7 24.Nhxf7 Rc8 25.Qh5??
{25.f5...is much stronger! (PC)} Qxf4+ 26.Qf3 {26.Rf3...loses the Q after
26...Qc1+ (PC).} Qxf3+ 27.gxf3?! Rc7 28.Nd6 Rf8 29.c3 Kf6! 30.c4 Ke6 31.c5 b6
{I thought for a while about 31...Nxc5, but decided that it isn't necessary.
(PC).} 32.b4 Nxb4 33.Nxg6 hxg6 34.Rxg6+ Ke7 35.Rg7+ Kd8 36.Nb7+ Kc8 37.Nd6+
Kb8 38.Rg3 bxc5 39.dxc5 Nd3 40.Rg4 Nxc5 41.Rb4+ Nb7 {#R} 0-1

[Event "BCC Championship"]
[Site "BCC"]
[Date "2016.06.30"]
[Round "2"]
[White "Bas Van Riel"]
[Black "James Watson"]
[Result "0-1"]
[WhiteElo "1884"]
[BlackElo "1821"]

1.e4 e5 2.Nf3 Nc6 {Happy to challenge Bas on his home territory. Bas has been
playing the Ruy since at least the early 80's - long before James was born!
(RJ)} 3.Bb5 a6 4.Ba4 Nf6 5.O-O b5 6.Bb3 Be7 7.Re1 O-O 8.a4 b4 9.a5 Bb7 10.d3
d6 11.Nbd2 Nd7 12.Nf1 Nc5 13.Bd5 Nb8 {In the one game on Chessbase following
this line, Black here played Nd4. Stockfish 7 also prefers Nd4. (RJ)} 14.Ne3
c6 15.Ba2 b3 {+-1.50 fritz11 saying bad move (JB).} 16.Bxb3 Nxb3 17.cxb3 Nd7
18.Nc4 f6 19.Be3 {Hiarcs (running on iphone) doesn't like this, preferring
Ne3. as does Stockfish 7. RJ)} d5 20.Nb6 d4 21.Nxd7 {somewhat surprisingly
white chooses to avoid the exchange sac that I had prepared when playing
18...f6 (JW)} Qxd7 22.Bd2 c5 23.b4 Qb5 {I hadn't seen whites 25.Ra3 when
playing this, one intriguing idea here is 23...cxb4 24.Bxb4 Bxb4 25.Qb3+ Bd5!
26.Qxb4 Rab8 27.Qd2 Be6 and black has plenty of positional compensation for
the pawn.(JW).} 24.bxc5 Qxd3 25.Ra3 Qc4 26.b4 Kh8 {Usually a defensive move,
but here perhaps an indication that James thinks he can win. He avoids the
exchange of queens.(RJ)} 27.Qa4 Qe6 $10 28.Qb3 Qg4 29.h3 $14 Qh5 30.Qe6 Qe8
31.Nh4 g6 32.f4? {Perhaps overlooking the reply. Hiarcs and Stockfish 7
recommend Bh6. Both programs say it's back to even after f4. (RJ)} f5! 33.Nf3
fxe4 34.Nxe5 e3 35.Bc1 {Bas played this almost immediately. But it's
fascinating that all my engines indicate Bxe3 here, calling it completely
even.  Stockfish 7 gives 35. Bxe3  de  36. Qb6 Bh4!  37. Rexe3  Bd5  38. Rad3 
Rxf4. 39. Nf3  Re4. 40. Nxh4!  Rxe3. 41. Qf6ch  Kg8 42. Rxd5  Qe7  43. Qxe7 
Rxe7 44. Rxd4.(RJ)} Bh4 $15 36.Qxe8 Raxe8 $19 37.Re2 {Interestingly, Hiarcs
and Deep Shredder believe White is being crushed here, at around -2, but the
much stronger Stockfish 7 puts it at the more modest -1. (RJ). I myself recall
during play thinking that white must be on the precipice of defeat in this
position, yet it turned out in practice that this wasn't the case at all (JW)}
Rxf4 38.Nd3 {The engines prefer the much more aggressive c6. (RJ)} Rff8 39.Bb2
Bf2+?? {All engines call this a mistake. See analysis  to next move. (RJ) On
playing this I had calculated 40.Nxf2 exf2+ 41.Rxf2 (41.Kf1 Bxg2+) Re1+ 42.Rf1
R8xf1+ however white instead has 42.Kh2! Rxf2 43.Bxd5+ Kg8 44.Bxf2 Re2 45. Kg3
which is actually a vital move for the entire line to work. (JW) fritz11  is
saying 1.00 white is better (JB).} 40.Kf1? {Hiarcs indicates 40. Nxf2!! ef2
ch. 41. Rf2  Re1ch  42. Kh2  Rxf2  ( Stockfish 7 gives 42.....Kg8, but the
result is similar) 43. Bxd4ch!  Kg8  44. Bxf2, with White 2 pawns up in an
ending with bishops of opposite colours. (RJ)} Bh4+ {My original point behind
Bf2+ was to play 40....Bg3+ 41.Kg1 Re4 and now there are back rank threats,
however once I realized this fails to 42.Rxe3! Rxe3 43.Bxd5 I was forced to
play (the better) B-h4-f6 (JW)} 41.Kg1 Bf6 42.Ra1 Be4 43.Rd1 Bc6 44.Kh2 Ba4
45.Rc1 Bb5 {Through a series of tempo moves, black has transferred the bishop
from b7-b5 with no major loss of time. (JW)} 46.Rd1 Kg8 47.Kg1 Re4 48.Ba1 Bh4
49.Bb2 Bxd3 50.Rxd3 Rf2 {A challenging and competitive game to wrap up the
tournament (JW)} {#R} 0-1

[Event "BCC Championships - B Division"]
[Date "2016.07.11"]
[Round "11"]
[White "Anna Yates"]
[Black "Cassandra Barnett"]
[Result "0-1"]
[WhiteElo "952"]
[BlackElo "1097"]

1.e4 d6 2.d4 g6 3.Nf3 Bg7 4.d5 e6 5.Bc4 Nf6 6.Nc3 O-O 7.O-O Re8 8.Re1 Nbd7
9.dxe6 fxe6 10.Ng5 Ne5 11.Bb3 h6 12.f4 Neg4 13.Nf3 Nh5 14.Qe2 {The game was
adjourned here, after black decided the next move and sealed it. (C.B)} Qf6 {I
had thought white might play e5 next.} 15.Bd2 Nxf4 16.Bxf4 Qxf4 17.g3 Qf6
18.Rf1 Qe7 19.Nh4 Qg5 20.Rf4 Qc5+ 21.Kg2 {I don't think Kg2 was all that good
as I planed to move the knight next, which will now force white to make
another move.} Ne3+ {I figured I had plenty of options with this, even though
my knight had no place to go to next.} 22.Kh3 g5 23.Rf5 g4+ {Black may have
had better options, but I was happy with forcing the trade and ending up with
two rooks vs one for the end game (the two bishops being a nice bonus).}
24.Qxg4 Nxg4 25.Rxc5 dxc5 26.Kxg4 Kh7 27.Kf3 Bd7 28.Na4 Rf8+ 29.Kg2 Bxa4
30.Bxa4 Bxb2 {White could have played Rb1, getting the pawn back.} 31.Re1 Rad8
32.Re2 Rd4 33.Bb3 c4 34.c3 {c3, getting white's bishop out of the trap.} Bxc3
35.Bc2 Rfd8 36.e5+ Kg7 37.Nf3 R4d5 38.Re3 {Could have followed 38. Re3 with
Rd2+ 39. Nxd2, Rxd2+ 40. Kh3, Rxc2, but all I saw was c3 hanging and was
trying to keep the time level (about 16 min each) to avoid possible pressure
later on (I usually need breathing space). Didn't see this line actually
solves my problem.} Bd2 39.Re2 Bg5 40.h4 Bc1 41.Re4 Rd2+ {Now black sees the
trade...} 42.Nxd2 Rxd2+ 43.Kh3 Rxc2 44.Rg4+ Kh7 45.h5 Rxa2 {I missed the fork,
Rxc4.} 46.Rg6 {But white misses it too.} Ra6 47.Rf6 Kg7 48.Rg6+ Kf7 49.Rf6+
Ke7 {I was happy with the result after a game Rauri called 'brutal,' and to
some extent I would have to agree. It was the first time I've played Anna and
it was a very exciting match. Thanks for the game, Anna; I look forward to
playing you again sometime in the future.} {#R} 0-1

[Event "BCC Championship "]
[Site "BCC"]
[Date "2016.09.15"]
[Round "9"]
[White "Patrick Cook"]
[Black "Ben Naughton"]
[Result "1-0"]
[WhiteElo "1669"]
[BlackElo "1421"]

1.b3 e5 2.Bb2 Nc6 3.e3 d5 4.Bb5 Bd6 5.f4 Qe7 6.Nf3 Bd7? {this loses a
pawn...6...Bg4 is the right move.} 7.Bxc6 Bxc6 8.fxe5 Bc5 9.O-O O-O-O 10.d4
Bb6 11.Ba3 Qd7 12.Ng5 f6 13.e6! Qe8 14.Nf7 Qxe6 15.Nxh8 Nh6?! {15...Qxe3+ was
better...} 16.Qf3 Bd7 17.Nc3 c6 18.Na4 Bc7 19.Nc5 Qe8 20.Nxd7 Qxd7 21.Rae1
Rxh8 22.e4! Re8 23.Bc1 Nf7 24.e5! Ng5 25.Qf5?! {25.Bxg5 first...} Qxf5 26.Rxf5
Ne4 27.exf6 gxf6 28.c4 Rd8 29.cxd5 cxd5 30.Bf4 Bxf4 31.Rxf4 b5 32.Rc1+ Kb7
33.Rh4 Ng5? {33...Rd7 was preferable...} 34.Rf1 Rc8 35.Rxf6 Rc1+ 36.Rf1 Rxf1+?
{now it's a simple win...} 37.Kxf1 Kb6 38.Rh5 Ne4 39.Rxh7 Nc3 40.Ke1 Nxa2
41.Kd2 Nb4 42.g4 a5 43.Rh6+! Kc7 44.g5 a4 45.bxa4 bxa4 46.Kc3 {#r} 1-0